5HLuxD.jpg

KING HENRY VIII SENIOR AND PRIMARY SCHOOL LIBRARY OPAC

No et moi : (Record no. 179)

000 -LEADER
fixed length control field 01270cam a2200385 i 4500
001 - CONTROL NUMBER
control field vtls001457697
003 - CONTROL NUMBER IDENTIFIER
control field VRT
005 - DATE AND TIME OF LATEST TRANSACTION
control field 20190729151535.0
008 - FIXED-LENGTH DATA ELEMENTS--GENERAL INFORMATION
fixed length control field 130606t20132007fr j 000 f fre d
020 ## - INTERNATIONAL STANDARD BOOK NUMBER
International Standard Book Number 9782253124801 (pbk.) :
020 ## - INTERNATIONAL STANDARD BOOK NUMBER
International Standard Book Number 225312480X (pbk.)
035 ## - SYSTEM CONTROL NUMBER
System control number (OCoLC)ocn315133983
040 ## - CATALOGING SOURCE
Original cataloging agency TZT
Language of cataloging eng
Description conventions rda
Transcribing agency TZT
Modifying agency YDXCP
-- TKU
042 ## - AUTHENTICATION CODE
Authentication code nbic
082 ## - DEWEY DECIMAL CLASSIFICATION NUMBER
Classification number FIC VIG
090 ## - LOCALLY ASSIGNED LC-TYPE CALL NUMBER (OCLC); LOCAL CALL NUMBER (RLIN)
Classification number (OCLC) (R) ; Classification number, CALL (RLIN) (NR) PQ2722.I43
Local cutter number (OCLC) ; Book number/undivided call number, CALL (RLIN) N6 2013
100 1# - MAIN ENTRY--PERSONAL NAME
Personal name Vigan, Delphine de,
Relator term author.
245 10 - TITLE STATEMENT
Title No et moi :
Remainder of title roman /
Statement of responsibility, etc. Delphine de Vigan.
264 #1 - PRODUCTION, PUBLICATION, DISTRIBUTION, MANUFACTURE, AND COPYRIGHT NOTICE
Place of production, publication, distribution, manufacture Paris :
Name of producer, publisher, distributor, manufacturer Librairie Générale Française,
Date of production, publication, distribution, manufacture, or copyright notice 2013.
264 #4 - PRODUCTION, PUBLICATION, DISTRIBUTION, MANUFACTURE, AND COPYRIGHT NOTICE
Date of production, publication, distribution, manufacture, or copyright notice ©2007.
300 ## - PHYSICAL DESCRIPTION
Extent 248 pages ;
Dimensions 18 cm.
336 ## - CONTENT TYPE
Content type term text
Source rdacontent.
337 ## - MEDIA TYPE
Media type term unmediated
Source rdamedia.
338 ## - CARRIER TYPE
Carrier type term volume
Source rdacarrier.
490 1# - SERIES STATEMENT
Series statement Le livre de poche ;
Volume/sequential designation 31277.
500 ## - GENERAL NOTE
General note Originally published by JC Lattès in 2007; originally published by LGF in 2009.
546 ## - LANGUAGE NOTE
Language note French
650 #0 - SUBJECT ADDED ENTRY--TOPICAL TERM
Topical term or geographic name entry element Homeless persons
Form subdivision Juvenile fiction.
650 #0 - SUBJECT ADDED ENTRY--TOPICAL TERM
Topical term or geographic name entry element Families
Geographic subdivision France
-- Paris
Form subdivision Juvenile fiction.
650 #0 - SUBJECT ADDED ENTRY--TOPICAL TERM
Topical term or geographic name entry element Gifted children
Form subdivision Juvenile fiction.
650 #0 - SUBJECT ADDED ENTRY--TOPICAL TERM
Topical term or geographic name entry element Interpersonal relations
Form subdivision Juvenile fiction.
651 #0 - SUBJECT ADDED ENTRY--GEOGRAPHIC NAME
Geographic name Paris (France)
General subdivision Social conditions
Form subdivision Juvenile fiction.
830 #3 - SERIES ADDED ENTRY--UNIFORM TITLE
Uniform title Le Livre de poche ;
Volume/sequential designation 31277.
942 ## - ADDED ENTRY ELEMENTS (KOHA)
Source of classification or shelving scheme
Koha item type Books - Fiction
Holdings
Withdrawn status Lost status Source of classification or shelving scheme Damaged status Not for loan Collection code Permanent Location Current Location Shelving location Date acquired Full call number Barcode Date last seen Price effective from Koha item type
          Fiction KH8 Senior School Library KH8 Senior School Library Fiction 2019-07-29 FIC VIG 3KHSL000100222 2024-07-22 2019-07-29 Books - Fiction
          Teaching Resources KH8 Senior School Library KH8 Senior School Library Staff Office 2023-10-30 843.92 VIG TRKHSL004616 2023-10-30 2023-10-30 Teaching Resources
          Teaching Resources KH8 Senior School Library KH8 Senior School Library Staff Office 2023-10-30 843.92 VIG TRKHSL004617 2023-10-30 2023-10-30 Teaching Resources
          Teaching Resources KH8 Senior School Library KH8 Senior School Library Staff Office 2023-10-30 843.92 VIG TRKHSL004618 2023-10-30 2023-10-30 Teaching Resources
          Teaching Resources KH8 Senior School Library KH8 Senior School Library Staff Office 2023-10-30 843.92 VIG TRKHSL004619 2023-10-30 2023-10-30 Teaching Resources
          Teaching Resources KH8 Senior School Library KH8 Senior School Library Staff Office 2023-10-30 843.92 VIG TRKHSL004620 2023-10-30 2023-10-30 Teaching Resources
          Teaching Resources KH8 Senior School Library KH8 Senior School Library Staff Office 2023-10-30 843.92 VIG TRKHSL004621 2023-10-30 2023-10-30 Teaching Resources
          Teaching Resources KH8 Senior School Library KH8 Senior School Library Staff Office 2023-10-30 843.92 VIG TRKHSL004622 2023-10-30 2023-10-30 Teaching Resources
          Teaching Resources KH8 Senior School Library KH8 Senior School Library Staff Office 2023-10-30 843.92 VIG TRKHSL004623 2023-10-30 2023-10-30 Teaching Resources
          Teaching Resources KH8 Senior School Library KH8 Senior School Library Staff Office 2023-10-30 843.92 VIG TRKHSL004624 2023-10-30 2023-10-30 Teaching Resources

Powered By KH8 IT Dept